Sur l'homme et le temps essais / (Record no. 85559)
[ view plain ]
| 000 -LEADER | |
|---|---|
| campo de control de longitud fija | 00489nam a2200157 i 4500 |
| 001 - NÚMERO DE CONTROL | |
| campo de control | 85559 |
| 003 - IDENTIFICADOR DE NÚMERO DE CONTROL | |
| campo de control | ES-MaACL |
| 007 - CAMPO FIJO DE DESCRIPCIÓN FÍSICA--INFORMACIÓN GENERAL | |
| campo de control de longitud fija | t| |
| 008 - DATOS DE LONGITUD FIJA--INFORMACIÓN GENERAL | |
| campo de control de longitud fija | 041129s1957 fr ||||1| fre d |
| 100 1# - ENTRADA PRINCIPAL--NOMBRE DE PERSONA | |
| Nombre de persona | Juenger, Ernst. |
| 9 (RLIN) | 67194 |
| 245 10 - MENCIÓN DEL TÍTULO | |
| Título | Sur l'homme et le temps essais / |
| Mención de responsabilidad, etc. | Ernst Juenger ; traduits de l'allemand par Henri Plard. |
| 260 ## - PUBLICACIÓN, DISTRIBUCIÓN, ETC. | |
| Lugar de publicación, distribución, etc. | Paris : |
| Nombre del editor, distribuidor, etc. | Ville du Rocher, |
| Fecha de publicación, distribución, etc. | [1957] ( |
| Fabricante | P. Pigelet) |
| 300 ## - DESCRIPCIÓN FÍSICA | |
| Extensión | 192 p. ; |
| Dimensiones | 19 cm. |
| 700 1# - ENTRADA AGREGADA--NOMBRE PERSONAL | |
| Nombre de persona | Plard, Henri. |
| 9 (RLIN) | 92578 |
| 852 ## - LOCALIZACIÓN | |
| Ubicación | ES-MaACL |
| Número de control de estantería | E-5065 |
| Sublocalización o colección | R.45302 |
| Estatus retirado | Estado de pérdida | Estado de daño | No para préstamo | Biblioteca de origen | Biblioteca actual | Ubicación en estantería | Fecha de adquisición | Fuente de adquisición | Total de préstamos | Signatura topográfica completa | Código de barras | Visto por última vez | Precio de reemplazo | Tipo de ítem Koha |
|---|---|---|---|---|---|---|---|---|---|---|---|---|---|---|
| Biblioteca del Ateneo de Madrid | Biblioteca del Ateneo de Madrid | Depósito 2 | 17/01/2008 | E-5065 | 1089404 | 23/02/2023 | 23/02/2023 | Libro impreso |
